000 00298nam a22001337a 4500
008 251229b ||||| |||| 00| 0 eng d
020 _a 9789951709071
041 _aeng
080 _81th
_a0001
100 _a24
101 _agaz
245 _aTrasmetuesi Publik
_cFerid Selimi
942 _2udc
_cBK
999 _c60742
_d60742